| 000 | 00774nam a2200277Ia 4500 | ||
|---|---|---|---|
| 005 | 20260320195742.0 | ||
| 008 | 008 262003s9999 xx 000 0 hin d | ||
| 020 | _a9788126705573 | ||
| 037 | _aEBOOK | ||
| 040 | _aCRL | ||
| 040 | _bhin | ||
| 040 | _cCRL | ||
| 041 | _2hin | ||
| 041 | _ahin | ||
| 084 | _qCRL | ||
| 100 |
_aफणीश्वरनाथ रेणु, सं. भारत यायावर _91133000 |
||
| 245 | 0 | _aएक श्रावणी दोपहरी की धूप | |
| 250 | _a7th | ||
| 260 | _bRajkamal | ||
| 260 | _c1994 | ||
| 300 | _a147 | ||
| 856 | _uhttps://ebook.indiaread.in/pdfs/436_ek_shrawanee_dopahari_ki_dhoop_by_fanishwarnath_renu.pdf | ||
| 942 | _cEBOOK | ||
| 999 |
_c1716307 _d1716307 |
||